000 00428nam a2200181Ia 4500
003 0100
008 130303s9999 xx 000 0 und d
040 _cARRUPELIB
050 _aJC143.G744 1965
100 _aGuicciardini, Francesco
245 _aMaxims and reflections of a renaissance statesman
260 _aNY
260 _bHarper
260 _C1965
300 _a150p
700 _aDomandi, Mario (tr.)
942 0 0 _01
999 _c39900
_d39900